| 000 | 00706nam a22002057a 4500 | ||
|---|---|---|---|
| 999 |
_c4568 _d4568 |
||
| 001 | 12462 | ||
| 003 | BD-DhUAP | ||
| 005 | 20201115123835.0 | ||
| 008 | 20115 r20041984ii a|||| |||| 000 0 ben d | ||
| 020 | _a8170665302 | ||
| 040 |
_aBD-DhUAP _bBen _cBD-DhUAP _dBD-DhUAP |
||
| 082 |
_223 _a891.444 MIT |
||
| 100 | _aমিত্র, অশোক। | ||
| 245 |
_aছবি কাকে বলে / _cঅশোক মিত্র। |
||
| 250 | _a১ম সং.। | ||
| 260 |
_aকলকাতা : _bআনন্দ, _cc১৯৮৪ [মুদ্রণ ২০০৪]। |
||
| 300 |
_a২৩২ পৃষ্ঠা : _bচিত্র ; _c২২ সেমি.। |
||
| 650 | _aBengali essays. | ||
| 942 |
_2ddc _cBK |
||